Mort subite : Tennis masculin - Statistiques

Statistiques générales
  • Ce quiz a été pris 1 534 fois
  • Le résultat moyen est 4 sur 6
Answers on the Grid
Answers color-coded by a green-red scale on the quiz's grid according to % correct below.
Novak Djokovic
Andrey Rublev
Holger Rune
Carlos Alcaraz
Stéfanos Tsitsipás
Jannik Sinner
Alexander Zverev
Daniil Medvedev
Marin Čilić
Kei Nishikori
Gaël Monfils
Casper Ruud
Taylor Fritz
Ben Shelton
Stanislas Wawrinka
 
Statistiques - réponses
Réponse % Correct
Novak Djokovic
96%
Carlos Alcaraz
68%
Jannik Sinner
60%
Daniil Medvedev
53%
Stanislas Wawrinka
49%
Marin Čilić
43%
Aucun quiz correspondant
Distribution des résultats
% des personnes avec chaque résultat
Percentile par nombre de réponses
Votre historique - résultats
Vous n’avez pas pris ce quiz